Clinical Advisor / Orthopedic Rehabilitation (Record no. 9762)
[ view plain ]
| 000 -LEADER | |
|---|---|
| fixed length control field | 01594cam a22002174a 4500 |
| 005 - ΗΜΕΡΟΜΗΝΙΑ ΚΑΙ ΩΡΑ ΤΕΛΕΥΤΑΙΑΣ ΕΝΗΜΕΡΩΣΗΣ | |
| Πεδίο ελέγχου | 20250605164409.0 |
| 008 - FIXED-LENGTH DATA ELEMENTS--GENERAL INFORMATION | |
| Πεδίο ελέγχου σταθερού μήκους | 250528s ||||||||||||||||||||||||d |
| 035 ## - SYSTEM CONTROL NUMBER | |
| System control number | 24932 |
| 020 ## - ISBN | |
| ISBN | 9780323057103 |
| 040 ## - ΠΗΓΗ ΚΑΤΑΛΟΓΟΓΡΑΦΗΣΗΣ | |
| Φορέας πρωτότυπης καταλογογράφησης | MC Athens Campus Library |
| Γλώσσα καταλογογράφησης | Ελληνικά, Μοντέρνα (1453-) |
| Modifying agency | MC Athens Campus Library |
| Κανόνες περιγραφικής καταλογογράφησης | AACR2 |
| 245 1# - ΤΙΤΛΟΣ ΚΑΙ ΔΗΛΩΣΗ ΥΠΕΥΘΥΝΟΤΗΤΑΣ | |
| Τίτλος | Clinical Advisor / Orthopedic Rehabilitation |
| 260 ## - PUBLICATION, DISTRIBUTION, ETC. | |
| Date of publication, distribution, etc. | 2010 |
| 300 ## - PHYSICAL DESCRIPTION | |
| Extent | 968 |
| 520 ## - SUMMARY, ETC. | |
| Summary, etc. | This book puts a wealth of vital information at your fingertip and it is perfect for classroom and clinical environments. Foundational Knowledge, Tissue Injury and Healing, Pain Mechanisms, Radiology, Biomechanics, Orthopedic Reasoning, Clinical Reasoning and Decision Making in Orthopedic Rehabilitation, Upper Cervical Spine, Cervical Spine, Thoracic Spine, Lumbar Spine, Sacroiliac Joint, Temporomandibular and Craniofacial Dysfunction, Shoulder, Elbow, Wrist and Hand, Hip and Thigh, Knee, Foot and Ankle, Pelvic Pain, Nerve, Chronic Pain, Red Flags and Nonmusculoskeletal Pain, Orthopedic Pathology, Upper Cervical Spine, Cervical Spine, Thoracic Spine, Lumbar Spine, Sacroiliac Joint, Craniofacial and Temporomandibular Joint, Shoulder, Elbow, Hand and Wrist, Hip and Thigh, Knee, Ankle and Skin, Foot, Pediatric, Pelvic Pain and Women's Health, Nerve, Chronic Pain, Rehabilitation and Common Clinical Questions, Cervical Spine, Thoracic Spine, Lumbar Spine, Temporomandibular Joint, Upper Extremity, Lower Extremity, Nerve, Pharmacology, Index, Drug Index. |
| 700 1# - ΠΡΟΣΘΕΤΗ ΑΝΑΓΡΑΦΗ--ΦΥΣΙΚΟ ΠΡΟΣΩΠΟ | |
| Personal name | Brechter Jacklyn |
| 9 (RLIN) | 9680 |
| 700 1# - ΠΡΟΣΘΕΤΗ ΑΝΑΓΡΑΦΗ--ΦΥΣΙΚΟ ΠΡΟΣΩΠΟ | |
| Personal name | Mosby Elsevier |
| 9 (RLIN) | 9681 |
| 700 1# - ΠΡΟΣΘΕΤΗ ΑΝΑΓΡΑΦΗ--ΦΥΣΙΚΟ ΠΡΟΣΩΠΟ | |
| Personal name | Sueki Derrick |
| 9 (RLIN) | 9682 |
| 942 ## - ADDED ENTRY ELEMENTS (KOHA) | |
| Koha item type | Books |
| Τύπος τεκμηρίου | Βιβλιοθήκη | Τρέχουσα τοποθεσία | Barcode | Αριθμός εισαγωγής | Ημερομηνία απόκτησης | Ταξιθετικό σύμβολο | Αριθμός αντιτύπου | Κατάσταση απόσυρσης | Κατάσταση χαμένου | Κατάσταση κατεστραμμένου | Μη δανεισμός | Σύνολο δανεισμών | Ημερομηνία τελευταίας εμφάνισης | Η τιμή ισχύει από |
|---|---|---|---|---|---|---|---|---|---|---|---|---|---|---|
| Books | MC Athens Campus Library | MC Athens Campus Library | 9780000097613 | 7970 | 05/06/2025 | 616.7 SUE | 1 | 05/06/2025 | 05/06/2025 |